000 01592nam a22002897a 4500
001 5432
003 FISKH
005 20241206113838.0
008 241206b cb ||||| |||| 00| 0 eng d
020 _a0763559210
040 _aFISKH
_beng
_cFISKH
_dFISKH
082 _a428.6
100 _aEggleton, Jill
_d(1946-)
245 _aSailor Sam /
_cWritten by Jill Eggleton Illustrated by Jim Story
250 _aFirst published in 1998
260 _aCrystal Lake :
_bRigby,
_c1998.
300 _a15 pages :
_bcolor illustrations ;
_c21 cm
505 _aJ
520 _aThe Sails Literacy Series is the perfect resource for Guided Reading and Writing, Reciprocal Reading and Independent Reading. The engaging visuals and subjects will motivate your students to read for pleasure and for information. The Sails Literacy Series develops: analytical thinking skills decoding and comprehension skills understanding of fiction and non-fiction understanding of purpose, structure and genre. Guided Reading Books will build your students' confidence in reading. Each title is 16-24 pages in length and features time-saving Guided Reading notes on visual literacy, critical thinking, phonological patterns and language features. This reader is classified as Reading Level 13 / Fountas and Pinnell Level H. Visit our Levelled readers page for further information on reading levels.
521 8 _a440L
_bLexile
521 8 _aJ
_bRaz-Plus
650 _2Adventures
_aEasy reader
650 _2Mysteries
_aFiction
700 _aStorey, Jim
_dIllustrator
942 _2ddc
_cBK
_n0
999 _c5432
_d5432